000 04192nam1a22006371 4500
001 RU\NLR\A1\1618
005 20260409064853.0
035 _a(NLR Aleph) 009671757
090 _a9664608
_c9664608
100 _a20260119 rusy50
101 1 _arus
_cgre
_cita
102 _aRU
140 _ay g eaa yaa0000
200 1 _aПоучения во святую и великую четыредесятницу, то-есть велико-постныя недели.
_fСочиненныя, и проповеданныя Керникским и Калавритским что в Пелопоннисе епископом Илиею Минятием, кефалонитянином.
_gС греческаго, на российский язык Коллегии иностранных дел переводчиком [что ныне тояж Коллегии секретарь] Стефаном Писаревым в 1741 году переведенныя.
210 _aВ Санктпетербурге
_cпри Сухопутном шляхетном кадетском корпусе
_d1759-1760
215 _d
304 _aЗагл. т.2: Поучения в разныя недели, и праздничныя дни. Сочиненныя и проповеданныя Керникским и Калавритским (что в Пелопонисе) епископом Илиею Минятием, кефалонитянином. С греческаго, на российский язык Коллегии иностранных дел секретарем Стефаном Писаревым в 1741 году переведенныя
305 _aТ.1 с датой 1759 существует в двух вариантах. В настоящем изд. с.1 первого поучения кончается словами: "...то однако распускает", кустод: "он"
306 _aНапечатано на счет пер.
310 _aТираж 1500 экз.
316 _aЭкз. СОКМ деф.: отсутствуют тит. л. и ненум. с.
_5СОКМ
317 _aЭкз. ИМПИ из б-ки Д.Г.Бурылина
_5ИМПИ
317 _aЭкз. т.2 ЯИАМЗ из б-ки И.А.Вахромеева
_5ЯИАМЗ
317 _aЭкз. НГОУНБ из б-ки Нижегород. губ. учен. арх. комис.
_5НГОУНБ
321 1 _aСК XVIII 2481
327 0 _aДва поучения оным же преосвященным епископом Илиею Минятием на италианском языке сочиненныя...[С отд. шмуцтит.] (Т.2. С.243-283)
463 0 _1001RU\NLR\A1\1619
_99664613
_d1759
_p[18], 459, [1] с., [1] л. фронт.
_tТ.1
_uhttps://vivaldi.nlr.ru/bx000019144/view
463 0 _1001RU\NLR\A1\1620
_99664616
_d1760
_p[6], 283, [1] с.
_tТ.2
_uhttps://vivaldi.nlr.ru/bx000019145/view
620 _dСанкт-Петербург
700 0 _4070
_8rus
_7ca
_aИлья Минятий
_f1669-1714
_3RU\NLR\AUTH\776580
_9116531
702 1 _4730
_aПисарев
_bС. И.
_cпереводчик
_f1707-1775
_gСтепан Иванович
_9127273
_3RU\NLR\AUTH\770127297
702 1 _4390
_8rus
_7ca
_aВахромеев
_bИ. А.
_f1843-1908
_gИван Александрович
_3RU\NLR\AUTH\77109382
_992307
712 0 2 _4610
_aСухопутный кадетский корпус
_cПетербург
_bТипография
_3RU\NLR\AUTH\880627520
_92659888
801 0 _aRU
_bNLR
_c19970627
852 _aNLR
_j18.313.6.10
852 _aNLR
_j140/283
852 _aNLR
_bРЗФ
_j18 в. 7/243 (Т.2)
852 _aNLR
_bРЗФ
_j18 в. 7/243а (Т.2)
899 _aНБЛ КГУ
_yТ.2
899 _aНГОУНБ
899 _aВМП
899 _aООНБ
_yЧ.1. Экз. деф.
899 _aРГБ
899 _aБАН
899 _aМГУ
_yТ.1
899 _aГПИБ
899 _aИМПИ
_yТ.1
899 _aТОУНБ
_yТ.1
899 _aКирОУНБ
_yТ.2
899 _aЯИАМЗ
899 _aСОКМ
899 _aСПбГУ
_yТ.2
942 _cBOOK
980 _aNB
980 _aA1XVIIIv